00472nam a2200193 a 4500001001300000003000900013005001700022008004100039020001000080082001500090100001500105245002700120260003000147300000900177500003500186505002000221650002200241700001500263nice12345678IN_TiNIC20260116013532.0050524s1996 dela grp 000 0 eng  ac15000a005.3bLOW aLowe, Doug aNetworking for Dummies aDelhibPustak Mahalc1996 a358p aincludes index and biblioraphy2 aGlossary, Index aComputer-Software1 aLowe, Doug